[Event "45th Olympiad 2024"]
[Site "Budapest HUN"]
[Date "2024.09.16"]
[Round "6.23"]
[Board "2"]
[White "Olson, Hamish"]
[Black "Lashkin, Jegor"]
[Result "0-1"]
[WhiteElo "2384"]
[BlackElo "2472"]
[PlyCount "104"]
[EventDate "2024.09.11"]
[WhiteTeam "Scotland"]
[BlackTeam "Moldova"]
[WhiteTeamCountry "SCO"]
[BlackTeamCountry "MDA"]

1. Nf3 d5 2. g3 g6 3. Bg2 Bg7 4. d4 Nf6 5. O-O O-O 6. c4 c6 7. Qa4 Nfd7 8. cxd5 Nb6 9. Qd1 cxd5 10. Nc3 Nc6 11. h3 Be6 $146 ({RR} 11... Bf5 12. Bf4 Be4 13. Ne5 Nxe5 14. Nxe4 Nc6 15. Nc5 Nxd4 16. Nxb7 Qc8 17. Be3 Nxe2+ 18. Qxe2 Qxb7 19. Rac1 e6 20. Qb5 Rfc8 21. b3 Bb2 22. Rxc8+ Rxc8 23. Rb1 Bf6 24. a4 Rb8 25. Bf4 a6 26. Qe2 {0-1 Koop,T (2396)-L'Ami,E (2613) Groningen op 52nd 2014 (5)}) ({RR} 11... Bf5 12. Bf4 Qd7 13. g4 Be6 14. e3 f6 15. Bg3 Kh8 16. Rc1 Bg8 17. e4 Bh6 18. e5 Bxc1 19. Qxc1 g5 20. Re1 Rac8 21. Qe3 h6 22. e6 Qe8 23. h4 Qg6 24. Bf1 Nb4 25. h5 Qh7 26. Rd1 {0-1 Hansen,T (2433)-Urkedal,F (2560) ch-NOR 2024 Storefjell NOR (5.4)}) ({RR} 11... Bf5 12. Bf4 Be4 {½-½ Siddharth,J (2331)-Pap,G (2493) Budapest Vezerkepzo GM Mix 2021 (4)}) ({RR} 11... Bf5 12. Bf4 Rc8 13. Rc1 Qd7 14. g4 Be4 15. e3 f5 16. gxf5 Bxf5 17. Kh2 e6 18. Bg3 Nc4 19. Qe2 Nd6 20. Rfd1 Ne4 21. Nxe4 Bxe4 22. Rc5 Bf6 23. Rdc1 Bxf3 24. Bxf3 Be7 25. R5c3 Bb4 26. R3c2 {½-½ Sedlak,N (2538)-Rodshtein,M (2634) SRB-chT Valjevo 2012 (1.5)}) 12. b3 Qc8 13. Kh2 Nxd4 14. Nxd4 Qxc3 15. Nxe6 Qxa1 16. Nxf8 Rxf8 17. Be3 Qxd1 18. Rxd1 e6 19. Bxb6 axb6 20. e4 d4 21. f4 e5 22. Bf1 Re8 23. Bd3 Bh6 24. Rf1 Kg7 25. Kg2 Re7 26. a4 f5 27. fxe5 fxe4 28. Bxe4 Rxe5 29. Bd3 Bg5 30. Bc4 Bf6 31. h4 Re7 32. Rf3 h5 33. Rf1 Re5 34. Bd3 Rc5 35. Bc4 Re5 36. Bd3 Re8 37. Bc4 Re3 38. Rf3 Rc3 39. Bb5 Be5 40. Bc4 Kh6 41. Bb5 g5 42. hxg5+ Kxg5 43. Bc4 Bd6 44. Rd3 Bc5 45. Bb5 Kf5 46. Kf3 Bd6 47. Bc4 Bxg3 48. Rxc3 dxc3 49. Ke3 Bd6 50. Kd4 Bb4 51. Bd3+ Kf4 52. Kc4 h4 0-1

[Event "45th Olympiad 2024"]
[Site "Budapest HUN"]
[Date "2024.09.16"]
[Round "6.23"]
[Board "3"]
[White "Bologan, Victor"]
[Black "Waldhausen Gordon, Frederick"]
[Result "1-0"]
[WhiteElo "2598"]
[BlackElo "2351"]
[PlyCount "81"]
[EventDate "2024.09.11"]
[WhiteTeam "Moldova"]
[BlackTeam "Scotland"]
[WhiteTeamCountry "MDA"]
[BlackTeamCountry "SCO"]

1. e4 e5 2. Nf3 Nc6 3. Bb5 a6 4. Ba4 Nf6 5. O-O Be7 6. d3 b5 7. Bb3 d6 8. Bd2 O-O 9. h3 h6 10. a4 ({RR} 10. Re1 Re8 11. a3 Bf8 12. Nc3 Rb8 13. Ba2 Ne7 14. Nh4 g5 15. Nf3 Ng6 16. Nh2 c6 17. Ne2 d5 18. Ng3 dxe4 19. dxe4 Rb7 20. Qf3 Nf4 21. Rad1 Rd7 22. Be3 Rxd1 23. Rxd1 Qe7 24. Ng4 Nxg4 {1-0 Carlsen,M (2872)-Vitiugov,N (2747) Tata Steel-A 82nd 2020 (8)}) 10... Bb7 $146 ({RR} 10... Rb8 11. axb5 axb5 12. Nc3 Re8 13. Be3 Bf8 14. Qd2 Nb4 15. Ra5 c6 16. Ra7 Be6 17. Bxe6 Rxe6 18. d4 exd4 19. Nxd4 Re8 20. Na2 c5 21. Nxb4 Nxe4 22. Qd3 cxd4 23. Qxd4 Qc8 24. Rfa1 Nf6 25. c3 {½-½ Bernadskiy,V (2553)-Agmanov,Z (2446) Vladimir Dvorkovich Open 2023 (7.11)}) ({RR} 10... b4 11. a5 Rb8 12. Qe1 Be6 13. Ba4 Nxa5 14. Bxb4 Nb7 15. Bc6 Qc8 16. Nxe5 Nd8 17. f4 dxe5 18. Bxe7 Nxc6 19. Bxf8 Qxf8 20. Qc3 Nd4 21. Rf2 Qd6 22. fxe5 Qxe5 23. b3 c5 24. Rxa6 Qg5 25. Qd2 {0-1 Vincenti,L (2071)-Tejaswini,S (1966) Vezerkepzo IM New Year 2024 (7.5)}) ({RR} 10... Rb8 11. Nc3 Re8 12. axb5 axb5 13. Nd5 Bf8 14. c3 Be6 15. Nxf6+ Qxf6 16. Nh2 Qg6 17. Bxe6 Qxe6 18. f4 exf4 19. Bxf4 Ne5 20. Bxe5 dxe5 21. Ng4 Rbd8 22. Qf3 Rd7 23. Rad1 Red8 24. Kh1 c5 25. Qg3 {½-½ Kaminski,V (2247)-Forgacs,A (2265) Titled Tue 22nd Aug Early 2023 (4)}) 11. Na3 Na7 12. c4 Qd7 13. Nc2 Rfe8 14. Ne3 Bf8 15. Nh2 bxc4 16. Nxc4 d5 17. Na5 Rab8 18. Nxb7 Rxb7 19. exd5 Nxd5 20. Re1 Bb4 21. Bc4 Bxd2 22. Qxd2 Nb4 23. Ng4 e4 24. Qf4 Nxd3 25. Rad1 Rb6 26. Rxd3 exd3 27. Qxf7+ Qxf7 28. Rxe8+ Kh7 29. Bxf7 d2 30. Ne3 Rxb2 31. Bg8+ Kg6 32. Re6+ Kg5 33. g3 d1=Q+ 34. Nxd1 Rb1 35. Bh7 Rxd1+ 36. Kg2 Rd2 37. h4+ Kg4 38. Re4+ Kh5 39. Kh3 Rd3 40. Re5+ g5 41. Bxd3 1-0

[Event "45th Olympiad 2024"]
[Site "Budapest HUN"]
[Date "2024.09.16"]
[Round "6.23"]
[Board "4"]
[White "Abdulla, Murad"]
[Black "Iordachescu, Viorel"]
[Result "0-1"]
[WhiteElo "2312"]
[BlackElo "2572"]
[PlyCount "94"]
[EventDate "2024.09.11"]
[WhiteTeam "Scotland"]
[BlackTeam "Moldova"]
[WhiteTeamCountry "SCO"]
[BlackTeamCountry "MDA"]

1. e4 e5 2. Nf3 Nc6 3. Nc3 Nf6 4. d4 exd4 5. Nxd4 Bb4 6. Nxc6 bxc6 7. Bd3 O-O 8. O-O d5 9. exd5 cxd5 10. h3 c6 11. Qf3 Rb8 12. Bf4 Bd6 13. b3 Bxf4 14. Qxf4 Be6 15. Rfe1 Qa5 ({RR} 15... a5 16. Na4 Rb4 17. Qe3 d4 18. Qg3 Bd5 19. Re2 Re8 20. Rae1 Rxe2 21. Rxe2 Qf8 22. Qc7 Nh5 23. g3 g6 24. Qxa5 Qc8 25. Qxb4 Qxh3 26. Qb8+ Kg7 27. Be4 Nxg3 28. Qxg3 {1-0 Beulen,M (2359)-Oliveira,T (1982) Titled Tue 2nd Jul Late 2024 (4)}) 16. Ne2 c5 17. Ng3 $146 ({RR} 17. Qf3 c4 18. Bf5 Bxf5 19. Qxf5 Rfe8 20. c3 Rxe2 21. Rxe2 Qxc3 22. Rd1 cxb3 23. axb3 Qxb3 24. Qc2 Qb5 25. Ree1 Qc4 26. Qxc4 dxc4 27. Rd4 Ne8 28. Rxc4 Nd6 29. Rc7 a6 30. Rc6 Nf5 31. Rec1 g6 {1-0 Junk,P (2127)-Riechenberg,S (1924) 40th Muensterland Open 2023 (2.18)}) ({RR} 17. a3 Rbc8 18. b4 Qb6 19. bxc5 Qxc5 20. Nd4 Rfe8 21. Re3 Bd7 22. Rae1 Qa5 23. Rxe8+ Rxe8 24. Rxe8+ Bxe8 25. Qe3 Qb6 26. Nf5 Qxe3 27. Nxe3 g6 28. c4 dxc4 29. Bxc4 Kf8 30. Nd5 Nxd5 31. Bxd5 Ke7 {0-1 Eswaran,A (2086)-Cervantes Landeiro,T (2032) USA-ch U20 Girls 2017 (9)}) 17... Qc3 18. Ne2 Qa5 19. Ng3 Rb4 20. Qf3 Qc7 21. Nh5 Nxh5 22. Qxh5 g6 23. Qe5 Rc8 24. c3 Rb6 25. Qxc7 Rxc7 26. Rab1 c4 27. bxc4 dxc4 28. Bc2 Rd7 29. Rxb6 axb6 30. Kf1 Ra7 31. Bb1 Ra3 32. Rc1 Kg7 33. Ke2 Kf6 34. Kd2 h5 35. Kc2 Ra5 36. Re1 Rg5 37. g3 Bxh3 38. Kb2 Re5 39. Rxe5 Kxe5 40. Ka3 g5 41. Bc2 Bf5 42. Bd1 h4 43. f4+ Kd5 44. gxh4 gxh4 45. Bf3+ Be4 46. Bg4 Bg2 47. Kb4 Ke4 0-1

[Event "45th Olympiad 2024"]
[Site "Budapest HUN"]
[Date "2024.09.16"]
[Round "6.24"]
[Board "1"]
[White "Tran, Thanh Tu"]
[Black "Albornoz Cabrera, Carlos Daniel"]
[Result "1/2-1/2"]
[WhiteElo "2387"]
[BlackElo "2579"]
[PlyCount "49"]
[EventDate "2024.09.11"]
[WhiteTeam "Japan"]
[BlackTeam "Cuba"]
[WhiteTeamCountry "JPN"]
[BlackTeamCountry "CUB"]

1. d4 d5 2. Nf3 Nf6 3. c3 e6 4. Bf4 Bd6 5. e3 O-O 6. Nbd2 c5 7. Bg3 Qc7 8. dxc5 Qxc5 9. Bd3 Nbd7 10. Qe2 ({RR} 10. e4 e5 11. Qe2 dxe4 12. Nxe4 Nxe4 13. Bxe4 Nf6 14. Rd1 Nxe4 15. Qxe4 f6 16. O-O Bc7 17. Rfe1 Qc6 18. Qxc6 bxc6 19. Nd4 Rb8 20. b4 Rb6 21. Nb3 Kf7 22. f3 Rd8 23. Bf2 Ra6 24. Rxd8 Bxd8 {½-½ Nihal,S (2670)-Ding Liren (2811) chess.com SpeedChess 2022 (2.33)}) 10... Bxg3 11. hxg3 h6 12. Rh4 $146 ({RR} 12. e4 dxe4 13. Nxe4 Nxe4 14. Bxe4 Nf6 15. Ne5 Nxe4 16. Qxe4 f6 17. Ng6 f5 18. Qe5 Qxe5+ 19. Nxe5 Rd8 20. Rd1 Rxd1+ 21. Kxd1 b5 22. Kc2 Bb7 23. f3 Rc8 24. Rd1 Bd5 25. b3 g5 26. Kd3 Kg7 {½-½ Harikrishnan,A (2396)-Han,Y (2286) Novi Sad Vojvodina op 12th 2022 (3)}) ({RR} 12. O-O-O Re8 13. e4 dxe4 14. Nxe4 Nxe4 15. Bxe4 Nf6 16. Ne5 Nxe4 17. Qxe4 Qe7 18. f4 Rd8 19. Rxd8+ Qxd8 20. Rd1 Qc7 21. Qc4 Qb6 22. Qa4 Kf8 23. Qa3+ Ke8 24. Nc4 Qa6 25. Nd6+ Kf8 26. Nf5+ Qxa3 {1-0 Ali Marandi,C (2561)-Hamitevici,V (2473) Paleochora op 15th 2022 (7)}) 12... e5 13. e4 Qb6 14. O-O-O dxe4 15. Nxe4 Nxe4 16. Qxe4 Nf6 17. Qxe5 Qxf2 18. Rxh6 Ng4 19. Rh8+ Kxh8 20. Rh1+ Kg8 21. Bh7+ Kh8 22. Bg6+ Kg8 23. Bh7+ Kh8 24. Bg6+ Kg8 25. Bh7+ 1/2-1/2

[Event "45th Olympiad 2024"]
[Site "Budapest HUN"]
[Date "2024.09.16"]
[Round "6.24"]
[Board "2"]
[White "Quesada Perez, Luis Ernesto"]
[Black "Nanjo, Ryosuke"]
[Result "1-0"]
[WhiteElo "2578"]
[BlackElo "2372"]
[PlyCount "81"]
[EventDate "2024.09.11"]
[WhiteTeam "Cuba"]
[BlackTeam "Japan"]
[WhiteTeamCountry "CUB"]
[BlackTeamCountry "JPN"]

1. Nf3 Nf6 2. c4 c5 3. g3 Nc6 4. Bg2 d5 5. cxd5 Nxd5 6. Nc3 Nc7 7. d3 e5 8. O-O Be7 9. Nd2 Bd7 10. Nc4 f6 11. f4 b5 12. Ne3 O-O 13. fxe5 ({RR} 13. a4 b4 14. Ne4 f5 15. Nd2 exf4 16. gxf4 Bf6 17. Nb3 Qe7 18. Nc4 Rae8 19. e3 Rd8 20. Qc2 Be8 21. Bd2 Ne6 22. Rad1 Qd7 23. Be1 Bh5 24. Rd2 Ne7 25. Bg3 Kh8 26. Kh1 Qxa4 27. Ra1 Qd7 {0-1 Meier,G (2628)-Nepomniachtchi,I (2789) World Corporate Final rapid 2021 (4)}) ({RR} 13. Ned5 Nxd5 14. Bxd5+ Kh8 15. fxe5 Nxe5 16. Bf4 Rc8 17. Bb7 Rb8 18. Bg2 Bd6 19. Re1 Re8 20. Ne4 Bc6 21. Qd2 Bxe4 22. Bxe4 Ng4 23. Rf1 Bxf4 24. Qxf4 Nh6 {1-0 Pribyl,J (2190)-Hoepfl,D (1988) 6th Bamberg Open 2024 (5.35)}) 13... Nxe5 $146 ({RR} 13... fxe5 14. Ned5 Rb8 15. Bd2 Nxd5 16. Nxd5 Rxf1+ 17. Qxf1 Bg5 18. Bxg5 Qxg5 19. Qf2 Nd4 20. Rf1 Qd8 21. Qe3 Qe8 22. Qg5 h6 23. Nf6+ Kh8 24. Nxe8 hxg5 25. Rf8+ Kh7 26. Be4+ g6 27. Nf6+ Kg7 28. Rxb8 {1-0 Benko,P-Pomar Salamanca,A Orense 1973 (2)}) ({RR} 13... fxe5 14. Rxf8+ Bxf8 15. a4 a6 16. axb5 axb5 17. Rxa8 Qxa8 18. Nxb5 Nxb5 19. Qb3+ Kh8 20. Qxb5 Qe8 21. Bxc6 Bxc6 22. Qc4 e4 23. dxe4 Bxe4 24. Bd2 Bc6 25. Qf4 Kg8 26. Bc3 Qe6 27. Kf2 Qh3 28. g4 {1-0 Christiansen,J (2408)-Nordquelle,D (2001) NOR-chT 1617 2016 (1.4)}) ({RR} 13... fxe5 14. Rxf8+ Bxf8 15. Bd2 Rb8 16. Rc1 Nd4 17. Ne4 Nce6 18. Qf1 a5 19. Qf2 Be8 20. Ng4 Qc7 21. e3 Nc6 22. Qf5 Qf7 23. Qxf7+ Bxf7 24. Bc3 Rd8 25. Nef6+ gxf6 26. Bxc6 Bg7 27. Bxb5 h5 28. Nf2 {½-½ O'Donnell,C (2336)-Murray,D (2149) IRL-ch Dublin 2018 (8)}) 14. Nf5 Rc8 15. Nxe7+ Qxe7 16. Bf4 Rfd8 17. Qe1 b4 18. Ne4 Nb5 19. h3 Nd4 20. Qf2 Bb5 21. Be3 Nxd3 22. exd3 Bxd3 23. Bxd4 Rxd4 24. Nd2 Bxf1 25. Bxf1 Qd6 26. Nc4 Qd5 27. b3 Re8 28. Rc1 h5 29. h4 Qe6 30. Nd2 Qe3 31. Rc2 g5 32. Nf3 Rg4 33. Kg2 gxh4 34. Nxh4 Qe4+ 35. Kh2 Re5 36. Rd2 Reg5 37. Bc4+ Kg7 38. Rd7+ Kh6 39. Qxf6+ Rg6 40. Nf5+ Qxf5 41. Qxf5 1-0

[Event "45th Olympiad 2024"]
[Site "Budapest HUN"]
[Date "2024.09.16"]
[Round "6.24"]
[Board "3"]
[White "Kojima, Shinya"]
[Black "Berdayes Ason, Dylan Isidro"]
[Result "0-1"]
[WhiteElo "2299"]
[BlackElo "2474"]
[PlyCount "75"]
[EventDate "2024.09.11"]
[WhiteTeam "Japan"]
[BlackTeam "Cuba"]
[WhiteTeamCountry "JPN"]
[BlackTeamCountry "CUB"]

1. d4 Nf6 2. c4 e6 3. Nf3 d5 4. Nc3 Bb4 5. cxd5 exd5 6. Qa4+ Nc6 7. Bg5 h6 8. Bxf6 Qxf6 9. e3 O-O 10. Be2 Be6 11. a3 Bxc3+ 12. bxc3 Ne7 13. c4 c5 14. O-O Rfc8 15. Rac1 dxc4 16. Bxc4 Bxc4 17. Rxc4 cxd4 18. Nxd4 a6 $146 ({RR} 18... Rxc4 19. Qxc4 Qd6 20. Qb3 Qd7 21. Rb1 Rc8 22. h3 b6 23. Rd1 Rd8 24. Rc1 Rc8 25. Rd1 Rd8 26. Rc1 Rc8 {½-½ Nurkiewicz,M (2349)-Kulaots,K (2533) POL-chT 1st League 2022 (9.3)}) 19. Rfc1 Rxc4 20. Qxc4 Rc8 21. Qf1 Rxc1 22. Qxc1 Qd6 23. h4 g6 24. Qc3 b5 25. Qa5 h5 26. g3 Nd5 27. Nc2 Qb6 28. Qxb6 Nxb6 29. Kf1 Kg7 30. Ke2 Kf6 31. Kd3 Kf5 32. f3 Nc4 33. e4+ Ke5 34. f4+ Kd6 35. Kd4 Nd2 36. Ne3 Nf3+ 37. Kc3 Kc5 38. Nd5 0-1

[Event "45th Olympiad 2024"]
[Site "Budapest HUN"]
[Date "2024.09.16"]
[Round "6.24"]
[Board "4"]
[White "Almeida Quintana, Omar"]
[Black "Yamada, Kohei"]
[Result "1-0"]
[WhiteElo "2492"]
[BlackElo "2178"]
[PlyCount "85"]
[EventDate "2024.09.11"]
[WhiteTeam "Cuba"]
[BlackTeam "Japan"]
[WhiteTeamCountry "CUB"]
[BlackTeamCountry "JPN"]

1. d4 Nf6 2. Nf3 d5 3. c4 e6 4. Nc3 Nbd7 5. cxd5 exd5 6. Bf4 Bb4 7. e3 Ne4 8. Qc2 g5 9. Be5 Rg8 10. Bd3 Bxc3+ 11. bxc3 g4 12. Bxe4 dxe4 13. Qxe4 Qe7 14. Qxh7 Rf8 15. Nd2 Nxe5 16. dxe5 Qxe5 17. Qe4 Qxe4 18. Nxe4 Bf5 $146 ({RR} 18... Ke7 19. f4 gxf3 20. gxf3 b6 21. Kf2 Rh8 22. h4 Be6 23. h5 Rad8 24. h6 Bf5 25. Ng3 Be6 26. e4 Rd3 27. Ne2 c5 28. h7 Bc4 29. Ng3 Be6 30. Rag1 Kf8 31. Rh6 Rxc3 32. Nh5 Rc2+ 33. Ke3 {1-0 Li,D (2563)-Chen,Q (2466) 37th Cannes Open 2024 (8.4)}) 19. Nf6+ Kd8 20. O-O-O+ Kc8 21. Kb2 c6 22. Rd4 Rd8 23. f3 gxf3 24. gxf3 Bh3 25. Rg1 Kc7 26. Rg7 Be6 27. h4 c5 28. Rxd8 Rxd8 29. Ne4 Kc6 30. h5 Rh8 31. Ng3 Bc4 32. f4 a5 33. Rg5 b6 34. Ne4 a4 35. a3 Be2 36. Nf6 Rh6 37. Rf5 Kb5 38. e4 Kc4 39. e5 Rh8 40. Rg5 Rd8 41. Ne4 Rd1 42. h6 Bf3 43. Kc2 1-0

[Event "45th Olympiad 2024"]
[Site "Budapest HUN"]
[Date "2024.09.16"]
[Round "6.25"]
[Board "1"]
[White "Kuybokarov, Temur"]
[Black "Zhakshylykov, Erzhan"]
[Result "1-0"]
[WhiteElo "2562"]
[BlackElo "2327"]
[PlyCount "107"]
[EventDate "2024.09.11"]
[WhiteTeam "Australia"]
[BlackTeam "Kyrgyzstan"]
[WhiteTeamCountry "AUS"]
[BlackTeamCountry "KGZ"]

1. e4 {ChessBase} e5 2. Nf3 Nc6 3. Bb5 a6 4. Ba4 Nf6 5. O-O Be7 6. Re1 b5 7. Bb3 d6 8. c3 O-O 9. h3 Nb8 10. d4 Nbd7 11. c4 c6 12. Nc3 b4 13. Na4 c5 14. d5 Re8 15. a3 a5 16. Bc2 Nf8 17. b3 Ng6 18. Be3 Bd7 19. Nb2 h6 20. Qd2 Nh7 21. Ra2 Bg5 $146 ({RR} 21... Ng5 22. Nxg5 Bxg5 23. axb4 Bxe3 24. Qxe3 axb4 25. Rea1 Rxa2 26. Rxa2 Nf4 27. Nd3 Qg5 28. Nxf4 exf4 29. Qd3 Qe5 30. Qd1 Kf8 31. Kf1 Bc8 32. f3 Qg5 33. Qa1 Qg3 34. Bd1 h5 35. Ra7 h4 36. Qa5 {0-1 Vallejo Pons,F (2684)-Carlsen,M (2850) Wch Rapid Berlin 2015 (3)} ({RR} 36. Qa4 Bxh3 37. gxh3 Qxh3+ 38. Ke1 Qg3+ 39. Kd2 h3 40. Qd7 Qg6)) ({RR} 21... Rb8 22. axb4 axb4 23. Rea1 Ng5 24. Nxg5 hxg5 25. Bd1 Nf4 26. Bg4 g6 27. Ra7 f5 28. Bf3 Qc8 29. Nd3 Nxd3 30. Qxd3 f4 31. Bxc5 Qxc5 32. Rxd7 Bd8 33. Qe2 Re7 34. Rxe7 Bxe7 35. Ra6 g4 36. Bxg4 {1-0 Abdusattorov,N (2560)-Kovalev,V (2703) Moscow Aeroflot op-A 18th 2019 (3)}) 22. Nxg5 hxg5 23. Rea1 Rb8 24. Bd1 Nf4 25. axb4 axb4 26. Bg4 g6 27. Bxd7 Qxd7 28. Kh2 f5 29. Ra7 Rb7 30. Rxb7 Qxb7 31. exf5 gxf5 32. g3 Nh5 33. Bxg5 Qg7 34. Bh4 e4 35. Qe2 Qh6 36. Ra6 Ng5 37. Bxg5 Qxg5 38. Rxd6 e3 39. h4 Qg4 40. Qxg4+ fxg4 41. Nd3 e2 42. Ne1 Ng7 43. Rg6 Ra8 44. d6 Ra1 45. d7 Rd1 46. Rxg4 Rxd7 47. Re4 Rd2 48. g4 Rd4 49. Rxd4 cxd4 50. c5 Ne6 51. c6 Kf7 52. h5 Ke7 53. h6 Ng5 54. f4 1-0

[Event "45th Olympiad 2024"]
[Site "Budapest HUN"]
[Date "2024.09.16"]
[Round "6.25"]
[Board "2"]
[White "Khoroshev, Nikita"]
[Black "Cheng, Bobby"]
[Result "0-1"]
[WhiteElo "2355"]
[BlackElo "2588"]
[PlyCount "74"]
[EventDate "2024.09.11"]
[WhiteTeam "Kyrgyzstan"]
[BlackTeam "Australia"]
[WhiteTeamCountry "KGZ"]
[BlackTeamCountry "AUS"]

1. Nf3 d5 2. g3 Nf6 3. Bg2 e6 4. O-O Be7 5. c4 O-O 6. b3 d4 7. e3 c5 8. exd4 cxd4 9. Ne5 Bd6 ({RR} 9... Nfd7 10. Nxd7 Qxd7 11. f4 Nc6 12. d3 b6 13. Nd2 Bb7 14. Nf3 a5 15. a3 h6 16. Qe2 Rad8 17. Bd2 Bc5 18. Rfb1 Qe7 19. b4 axb4 20. axb4 Nxb4 21. Bxb4 Bxb4 22. Ne5 Bc5 23. Ra7 Bf3 24. Qa2 {½-½ Artemiev,V (2699)-Yu,Y (2704) Online Olym KO Stage rapid 2021 (2.1)}) 10. Re1 Bxe5 $146 ({RR} 10... Qc7 11. Nf3 Nc6 12. d3 e5 13. Na3 a6 14. Nc2 h6 15. Rb1 Bg4 16. h3 Bf5 17. b4 Rfe8 18. a4 Rad8 19. b5 axb5 20. axb5 Nb8 21. Ba3 Bxa3 22. Nxa3 b6 23. Nc2 Nbd7 24. Nb4 Nc5 25. Ra1 {1-0 Harika,D (2507)-Akobian,V (2591) PRO League Prelim 2023 (2.4)}) ({RR} 10... Qc7 11. Qe2 Nbd7 12. f4 Rd8 13. d3 Bc5 14. Nd2 Bb4 15. Rf1 a5 16. a3 Bc3 17. Rb1 Nc5 18. Ndf3 Rb8 19. Ng5 Rf8 20. b4 Na6 21. b5 Nc5 22. b6 Qe7 23. Rb5 a4 24. Bd2 Nb3 25. Be1 {½-½ Ibarra Jerez,J (2559)-Javakhadze,Z (2440) Titled Tue 16th Jan Early 2024 (8)}) 11. Rxe5 Nc6 12. Re1 e5 13. d3 Bg4 14. Qd2 Re8 15. Na3 Qd7 16. Bb2 Bh3 17. Bh1 a6 18. c5 Be6 19. Nc4 Bxc4 20. bxc4 Re7 21. Rab1 Rae8 22. f3 h5 23. Re2 h4 24. Rbe1 Qf5 25. Ba3 Nh5 26. Rg2 hxg3 27. hxg3 Qxf3 28. Bc1 e4 29. Rh2 Qxg3+ 30. Rg2 e3 31. Qe2 Qe5 32. Qg4 Re6 33. Rf1 Rg6 34. Qd7 Rxg2+ 35. Bxg2 Nf6 36. Qxb7 e2 37. Qxc6 e1=Q 0-1

[Event "45th Olympiad 2024"]
[Site "Budapest HUN"]
[Date "2024.09.16"]
[Round "6.25"]
[Board "3"]
[White "Sardana, Rishi"]
[Black "Orozbaev, Eldiyar"]
[Result "1-0"]
[WhiteElo "2477"]
[BlackElo "2376"]
[PlyCount "121"]
[EventDate "2024.09.11"]
[WhiteTeam "Australia"]
[BlackTeam "Kyrgyzstan"]
[WhiteTeamCountry "AUS"]
[BlackTeamCountry "KGZ"]

1. e4 c5 2. Nf3 d6 3. Bb5+ Nd7 4. O-O a6 5. Be2 Ngf6 6. d3 g6 7. c4 Bg7 8. Nc3 O-O 9. d4 cxd4 10. Nxd4 Qc7 ({RR} 10... Nc5 11. f3 Qb6 12. Kh1 Bd7 13. Rb1 Na4 14. Nxa4 Bxa4 15. b3 Bc6 16. Be3 Qc7 17. Qd2 Rfc8 18. b4 Qd8 19. Rfc1 Be8 20. Bf1 Rab8 21. Nb3 Ba4 22. Nd4 Be8 23. Qf2 b5 24. cxb5 axb5 25. Rxc8 {0-1 Szpar,M (2491)-Ouellet,M (2222) 49th Seville Open 2024 (3.3)}) 11. Be3 Ne5 $146 ({RR} 11... e6 12. Rc1 b6 13. f3 Bb7 14. Qd2 Rac8 15. Rfd1 Rfd8 16. Bh6 Bxh6 17. Qxh6 Re8 18. Bf1 Ne5 19. b3 Qe7 20. Qg5 Rc5 21. Qh4 Kh8 22. Nde2 Rcc8 23. Qf2 Ned7 24. Rd2 Red8 25. Rcd1 Ne8 26. Na4 {0-1 Arjun,K (2537)-Aryan,C (2585) Chess Super League 2021 (5.3)}) 12. Nd5 Qd8 13. f3 Bd7 14. Qd2 Nc6 15. Nb3 b5 16. cxb5 axb5 17. Nxf6+ Bxf6 18. Bxb5 Na5 19. Be2 Nxb3 20. axb3 Be6 21. b4 d5 22. exd5 Qxd5 23. Qxd5 Bxd5 24. Rxa8 Rxa8 25. Rd1 e6 26. Bd4 Bg5 27. Kf2 Be7 28. Bc5 Bf6 29. Bd4 Be7 30. Bc3 Kf8 31. Ke3 g5 32. g3 h5 33. f4 g4 34. b5 Ra4 35. Bd4 f6 36. Rc1 Ke8 37. Bd3 Bd8 38. Rc3 Kd7 39. Bc5 Ra2 40. Rc2 Bc7 41. Bd4 Bb3 42. Rc3 Bd5 43. Bc4 Bxc4 44. Rxc4 e5 45. fxe5 fxe5 46. Bc3 Ra1 47. Rc6 Bd6 48. Ke4 Rh1 49. Kd5 Rd1+ 50. Ke4 Rh1 51. Ra6 h4 52. gxh4 Bb8 53. Rg6 Rxh2 54. Rxg4 Rh1 55. Rg7+ Kc8 56. Rh7 Bc7 57. h5 Kb8 58. h6 Rh4+ 59. Kd5 e4 60. Kc6 e3 61. Rh8+ 1-0

[Event "45th Olympiad 2024"]
[Site "Budapest HUN"]
[Date "2024.09.16"]
[Round "6.25"]
[Board "4"]
[White "Abdyzhapar, Asylbek"]
[Black "Smerdon, David C"]
[Result "0-1"]
[WhiteElo "2357"]
[BlackElo "2475"]
[PlyCount "88"]
[EventDate "2024.09.11"]
[WhiteTeam "Kyrgyzstan"]
[BlackTeam "Australia"]
[WhiteTeamCountry "KGZ"]
[BlackTeamCountry "AUS"]

1. d4 Nf6 2. c4 g6 3. Nf3 Bg7 4. g3 O-O 5. Bg2 d6 6. O-O c6 7. Nc3 Bf5 8. Re1 Ne4 9. Qb3 Nxc3 10. bxc3 Qb6 ({RR} 10... Qc8 11. e4 Bg4 12. e5 Bxf3 13. Bxf3 dxe5 14. Rb1 exd4 15. cxd4 Bxd4 16. Qxb7 Qf5 17. Kg2 Na6 18. Bh6 Nc5 19. Qxe7 Nd3 20. Re4 Bg7 21. Rd1 Bxh6 22. Rxd3 Bg5 23. Qe5 Qxe5 24. Rxe5 Bf6 25. Ra5 {½-½ Mamedyarov,S (2753)-Carlsen,M (2864) Moscow Tal Memorial 8th 2013 (9)}) 11. e4 Bc8 $146 ({RR} 11... Be6 12. Ng5 Bc8 13. f4 c5 14. Nf3 Nc6 15. Be3 Na5 16. Qa4 Qc7 17. Nd2 Bd7 18. Qc2 Rac8 19. d5 e6 20. Rab1 a6 21. Bf1 Rfe8 22. Bf2 exd5 23. cxd5 b5 24. c4 Rb8 25. Bd3 Rb7 26. Kg2 {0-1 Halkias,S (2567)-Ozer,O (2317) Titled Tuesday intern op 15st Dec blitz 2020 (6)}) ({RR} 11... Bg4 12. Bg5 Re8 13. Rab1 Nd7 14. Qa4 Qc7 15. Nd2 e5 16. h3 Nb6 17. Qa5 Bc8 18. c5 dxc5 19. dxc5 Nd5 20. Qa3 Nf6 21. Nc4 Be6 22. Nd6 Reb8 23. f4 exf4 24. gxf4 Nh5 25. f5 Bc8 26. Rf1 {0-1 Stribuk,A (2422)-Yoo,C (2599) Chess.com Speed Play-In 2024 (2)}) ({RR} 11... Bg4 12. Rb1 Qxb3 13. axb3 Na6 14. Be3 Nc7 15. Nd2 b5 16. e5 d5 17. cxb5 Nxb5 18. Rec1 Bf5 19. Ra1 Rfc8 20. Ra6 Bd3 21. c4 Nxd4 22. Bxd4 c5 23. Bb2 d4 24. Bxa8 Rxa8 25. f4 f6 26. exf6 {1-0 Vidit,S (2726)-Ibrahimli,M (2436) Titled Tuesday intern op 23rd Feb blitz 2021 (10)}) ({RR} 11... Be6 12. Ng5 Bc8 13. f4 c5 14. e5 Nc6 15. Be3 Na5 16. Qa4 Rd8 17. Rab1 Qa6 18. Rb5 Bd7 19. Qxa5 Bxb5 20. Qxb5 cxd4 21. cxd4 Rac8 22. Qxa6 bxa6 23. exd6 exd6 24. Bd5 Rc7 25. Bf2 h6 26. Nf3 {1-0 Iskusnyh,S (2473)-Rusan,P (2106) Titled Tuesday intern op 09th Mar blitz 2021 (2)}) 12. e5 dxe5 13. Nxe5 Re8 14. c5 Qxb3 15. axb3 Be6 16. b4 Bxe5 17. Rxe5 Nd7 18. Re1 Bc4 19. Bg5 f6 20. Bh3 Nxc5 21. bxc5 fxg5 22. Bd7 Red8 23. Rxe7 Kf8 24. Rae1 a5 25. Bg4 Re8 26. Rxe8+ Rxe8 27. Ra1 a4 28. f4 h5 29. Bh3 gxf4 30. Rxa4 Bb5 31. Rb4 Re1+ 32. Kf2 Re2+ 33. Kf3 Rxh2 34. Bc8 fxg3 35. c4 Ba6 36. d5 h4 37. dxc6 Rf2+ 38. Ke3 bxc6 39. Bxa6 Rf5 40. Rb1 g2 41. Ke2 h3 42. Bc8 h2 43. Bxf5 gxf5 44. Kf2 h1=Q 0-1